000 00792nam a22002537a 4500
003 UA-OsUOA
001 22086
007 ta
008 20031216b un ||||| |||| 00| 0 ukr d
100 _aНикитина А.Б.
090 _a008(091)"652"
_bН01
942 _cBK
040 _aUA-OsUOA
_brus
_cUA-OsUOA
_dUA-OsUOA
245 _aКультура древних цивилизаций: Театральное путешествие в древний Египет
_bУчебно-методическое пособие
300 _a112 с.
955 _a0
041 _arus
080 _a008(091)"652"
020 _a5-93818-021-Х
260 _bМеждународный союз книголюбов
_c2001
044 _aRU
650 7 _2UDC
999 _c308299
_d308299